[Event "EIBCC 2019"]
[Site "Tallinn"]
[Date "2019.12.07"]
[Round "8.10"]
[White "Andriasian, Zaven"]
[Black "Lazavik, Denis"]
[Result "1/2-1/2"]
[WhiteElo "2766"]
[BlackElo "2222"]
[Annotator "TA"]
[PlyCount "96"]
[EventDate "2019.12.06"]
[EventType "swiss"]
[EventCountry "EST"]
[SourceTitle "playchess.com"]
[Source "ChessBase"]
[SourceQuality "1"]

1. e4 e5 2. Nf3 Nc6 3. Bc4 Bc5 4. d3 Nf6 5. c3 d6 6. Nbd2 a6 7. Bb3 h6 8. h3 O-O 9. O-O Be6 10. Bc2 Re8 11. Re1 Ba7 12. Nf1 d5 13. exd5 Bxd5 14. Ng3 Qd7 15. Nh4 Rad8 16. Nhf5 Bc5 17. b4 Bf8 18. a4 b5 19. axb5 axb5 20. Be3 Ne7 21. Nh4 Qc6 22. Bd2 Ng6 23. Nxg6 fxg6 24. Ne4 Nxe4 25. dxe4 Bc4 26. Qc1 Bd3 27. Bb3+ Bc4 28. Bc2 Bd3 29. Ra7 Bxc2 30. Qxc2 Qc4 31. Rc1 c5 32. Be3 cxb4 33. cxb4 Qxc2 34. Rxc2 Bxb4 35. Rb2 Be7 36. Rxb5 Bf6 37. g3 Ra8 38. Rab7 Rac8 39. Rb4 Rc2 40. Kg2 Rf8 41. h4 g5 42. h5 g4 43. Rb2 Rc4 44. R7b4 Rfc8 45. Kf1 Be7 46. Rb7 Bf6 47. R7b4 Be7 48. Rb7 Bf6 1/2-1/2

[Event "EIBCC 2019"]
[Site "Tallinn"]
[Date "2019.12.07"]
[Round "8.11"]
[White "Lysyj, Igor"]
[Black "Grewenig, Jan"]
[Result "1-0"]
[WhiteElo "2600"]
[BlackElo "2305"]
[Annotator "ChessBase"]
[PlyCount "42"]
[EventDate "2019.12.06"]
[EventType "swiss"]
[EventCountry "EST"]
[SourceTitle "playchess.com"]
[Source "ChessBase"]
[SourceQuality "1"]

1. d4 d5 2. c4 Nc6 3. Nc3 Nf6 4. Nf3 Bg4 5. cxd5 Nxd5 6. e4 Nxc3 7. bxc3 Bxf3 8. Qxf3 e5 9. d5 Na5 10. Qg3 f6 11. Bb5+ c6 12. dxc6 bxc6 13. Be2 Qc7 14. O-O Bc5 15. Kh1 O-O 16. f4 exf4 17. Bxf4 Qe7 18. Bd3 Rad8 19. Qh3 Qd7 20. Qxd7 Rxd7 21. Bc2 Re8 1-0

[Event "EIBCC 2019"]
[Site "Tallinn"]
[Date "2019.12.07"]
[Round "8.13"]
[White "Popov, Valerij"]
[Black "Lopusiewicz, Piotr"]
[Result "0-1"]
[WhiteElo "2547"]
[BlackElo "2301"]
[Annotator "ChessBase"]
[PlyCount "98"]
[EventDate "2019.12.06"]
[EventType "swiss"]
[EventCountry "EST"]
[SourceTitle "playchess.com"]
[Source "ChessBase"]
[SourceQuality "1"]

1. c4 Nf6 2. Nf3 e6 3. Nc3 d5 4. d4 a6 5. cxd5 exd5 6. Bf4 Bd6 7. Bg3 O-O 8. e3 c6 9. Qc2 Bg4 10. Ne5 Bh5 11. Bd3 Bg6 12. Nxg6 hxg6 13. Rb1 Qe7 14. Bxd6 Qxd6 15. h3 Nbd7 16. O-O a5 17. Rfc1 Rfe8 18. a3 Rec8 19. Ra1 g5 20. g3 g6 21. Na4 Kg7 22. Kg2 Rh8 23. Qe2 Rae8 24. Qd2 Qe6 25. Rh1 Ne4 26. Qe2 Ndf6 27. b4 axb4 28. axb4 b5 29. Nb2 Nd6 30. Ra6 Nc4 31. Bb1 Ne4 32. Nxc4 dxc4 33. Bxe4 Qxe4+ 34. Qf3 Qxf3+ 35. Kxf3 Re6 36. Kg2 f5 37. Rha1 f4 38. exf4 gxf4 39. d5 f3+ 40. Kxf3 Rf6+ 41. Kg2 cxd5 42. Ra7+ Rf7 43. R1a5 Rxa7 44. Rxa7+ Kf6 45. Rd7 Ke6 46. Rc7 d4 47. h4 Rf8 48. f4 Kd6 49. Rc5 d3 0-1

[Event "EIBCC 2019"]
[Site "Tallinn"]
[Date "2019.12.07"]
[Round "8.14"]
[White "Martinez Pla, Xavier"]
[Black "Dragnev, Valentin"]
[Result "0-1"]
[WhiteElo "2301"]
[BlackElo "2523"]
[Annotator "ChessBase"]
[PlyCount "52"]
[EventDate "2019.12.06"]
[EventType "swiss"]
[EventCountry "EST"]
[SourceTitle "playchess.com"]
[Source "ChessBase"]
[SourceQuality "1"]

1. e4 e5 2. Nf3 d6 3. d4 exd4 4. Nxd4 Nf6 5. Nc3 Be7 6. Bf4 O-O 7. Qd2 d5 8. O-O-O Bb4 9. Bg5 c5 10. Nf5 Bxf5 11. exf5 d4 12. Qf4 Bxc3 13. bxc3 Nc6 14. Bc4 Rb8 15. cxd4 cxd4 16. Bb3 b5 17. c3 a5 18. cxd4 a4 19. Bc2 Nb4 20. Kb1 Qd5 21. Rd2 Qxa2+ 22. Kc1 Qa1+ 23. Bb1 Rbc8+ 24. Kd1 Qxb1+ 25. Ke2 Qe4+ 26. Qxe4 Nxe4 0-1

[Event "EIBCC 2019"]
[Site "Tallinn"]
[Date "2019.12.07"]
[Round "8.15"]
[White "Schneider, Ilja"]
[Black "Dragicevic, Drazen"]
[Result "1-0"]
[WhiteElo "2483"]
[BlackElo "2300"]
[Annotator "ChessBase"]
[PlyCount "47"]
[EventDate "2019.12.06"]
[EventType "swiss"]
[EventCountry "EST"]
[SourceTitle "playchess.com"]
[Source "ChessBase"]
[SourceQuality "1"]

1. d4 c5 2. c3 cxd4 3. cxd4 g6 4. Nc3 Bg7 5. e4 d6 6. Nf3 Nc6 7. Be2 Nf6 8. d5 Ne5 9. Nxe5 dxe5 10. Be3 O-O 11. O-O e6 12. Bc5 Re8 13. Bb5 Bd7 14. d6 Bxb5 15. Nxb5 Nxe4 16. d7 Re7 17. Bxe7 Qxe7 18. Rc1 Rd8 19. Rc8 a6 20. Nd6 Nxd6 21. Rxd8+ Qxd8 22. Qxd6 Bf8 23. Qd2 Bc5 24. Rc1 1-0

[Event "EIBCC 2019"]
[Site "Tallinn"]
[Date "2019.12.07"]
[Round "8.16"]
[White "Shishkov, Andrei"]
[Black "Potapov, Pavel"]
[Result "1/2-1/2"]
[WhiteElo "2297"]
[BlackElo "2464"]
[Annotator "ChessBase"]
[PlyCount "80"]
[EventDate "2019.12.06"]
[EventType "swiss"]
[EventCountry "EST"]
[SourceTitle "playchess.com"]
[Source "ChessBase"]
[SourceQuality "1"]

1. d4 f5 2. g3 Nf6 3. Bg2 g6 4. c4 Bg7 5. Nh3 d6 6. Nc3 c6 7. d5 O-O 8. O-O e5 9. dxe6 Bxe6 10. Qb3 Qc7 11. Ng5 Bf7 12. Nxf7 Rxf7 13. Rd1 Nbd7 14. Bf4 Ne5 15. h3 Nh5 16. Rd2 Rd8 17. Rad1 Kh8 18. Bg5 Rdd7 19. f4 Nxg3 20. fxe5 Bxe5 21. e3 Nh5 22. Bf3 d5 23. Bxh5 gxh5 24. cxd5 Rg7 25. h4 h6 26. dxc6 Rxd2 27. Rxd2 hxg5 28. cxb7 gxh4+ 29. Kh1 Qxb7+ 30. Qxb7 Rxb7 31. Rd5 Bxc3 32. bxc3 Rb1+ 33. Kh2 Rb2+ 34. Kh3 Rxa2 35. Rxf5 Rc2 36. Rxh5+ Kg7 37. Rc5 Re2 38. Kxh4 Rxe3 39. Rc7+ Kf6 40. Rxa7 Rxc3 1/2-1/2

[Event "EIBCC 2019"]
[Site "Tallinn"]
[Date "2019.12.07"]
[Round "8.17"]
[White "Ladva, Ottomar"]
[Black "Litwak, Aleksej"]
[Result "1-0"]
[WhiteElo "2457"]
[BlackElo "2284"]
[Annotator "ChessBase"]
[PlyCount "58"]
[EventDate "2019.12.06"]
[EventType "swiss"]
[EventCountry "EST"]
[SourceTitle "playchess.com"]
[Source "ChessBase"]
[SourceQuality "1"]

1. Nf3 d5 2. g3 Nf6 3. Bg2 c5 4. O-O Nc6 5. d4 e6 6. c4 Be7 7. cxd5 exd5 8. dxc5 Bxc5 9. a3 O-O 10. b4 Bb6 11. Bb2 Re8 12. Nc3 Bg4 13. Rc1 Rc8 14. Na4 Bc7 15. Nc5 Bb6 16. Nxb7 Qe7 17. Bxf6 Qxf6 18. Qxd5 Ne7 19. Qe5 Qxe5 20. Nxe5 Bxe2 21. Rfe1 Rxc1 22. Rxc1 Nf5 23. Bd5 Kf8 24. Nd7+ Kg8 25. Nxb6 axb6 26. Rc7 Ne7 27. Bb3 Kf8 28. Nd6 Ra8 29. a4 f5 1-0

[Event "EIBCC 2019"]
[Site "Tallinn"]
[Date "2019.12.07"]
[Round "8.18"]
[White "Smirnov, Artem"]
[Black "Sebenik, Matej"]
[Result "1/2-1/2"]
[WhiteElo "2283"]
[BlackElo "2457"]
[Annotator "ChessBase"]
[PlyCount "68"]
[EventDate "2019.12.06"]
[EventType "swiss"]
[EventCountry "EST"]
[SourceTitle "playchess.com"]
[Source "ChessBase"]
[SourceQuality "1"]

1. d4 Nf6 2. c4 e6 3. Nc3 Bb4 4. f3 O-O 5. a3 Bxc3+ 6. bxc3 Nh5 7. Nh3 f5 8. e4 Nc6 9. Nf2 d6 10. Bd3 e5 11. exf5 Nf4 12. Bxf4 exf4 13. Qc2 Qg5 14. Ne4 Qh4+ 15. Qf2 Qxf2+ 16. Kxf2 Bxf5 17. c5 d5 18. Rab1 Na5 19. Rb5 Nc6 20. Rxb7 Rab8 21. Rhb1 dxe4 22. fxe4 Bg6 23. R1b2 h5 24. Bc4+ Kh7 25. Bd5 Rxb7 26. Rxb7 Ne7 27. Rxc7 Nxd5 28. exd5 Be4 29. d6 Rb8 30. d7 Rb2+ 31. Ke1 Rb1+ 32. Kd2 Rb2+ 33. Kc1 Rb1+ 34. Kd2 Rb2+ 1/2-1/2

[Event "EIBCC 2019"]
[Site "Tallinn"]
[Date "2019.12.07"]
[Round "8.19"]
[White "Putka, Verners"]
[Black "Kanep, Meelis"]
[Result "0-1"]
[WhiteElo "2448"]
[BlackElo "2280"]
[Annotator "NA"]
[PlyCount "104"]
[EventDate "2019.12.06"]
[EventType "swiss"]
[EventCountry "EST"]
[SourceTitle "playchess.com"]
[Source "ChessBase"]
[SourceQuality "1"]

1. d4 Nf6 2. Nf3 g6 3. g3 Bg7 4. Bg2 O-O 5. O-O c6 6. c4 d6 7. Nc3 Qb6 8. Qc2 Qa6 9. b3 b5 10. Nd2 Bb7 11. Bb2 Nbd7 12. a4 b4 13. Nce4 Nxe4 14. Nxe4 c5 15. d5 Qa5 16. f4 Qc7 17. a5 a6 18. Bf3 Rae8 19. Rfd1 h6 20. Bxg7 Kxg7 21. h3 f5 22. Nd2 e5 23. dxe6 Rxe6 24. Qd3 Nf6 25. Nf1 Rfe8 26. Ra2 Bxf3 27. exf3 R8e7 28. Kf2 Kh7 29. g4 fxg4 30. hxg4 Kg7 31. Rad2 Qxa5 32. f5 gxf5 33. Ng3 fxg4 34. Nf5+ Kf7 35. Nxh6+ Ke8 36. Nf5 Rd7 37. Rh1 Kd8 38. Rh8+ Kc7 39. Ne3 gxf3 40. Nd5+ Nxd5 41. Qxd5 Qa1 42. Qxe6 Qxh8 43. Kxf3 Qg7 44. Rg2 Rf7+ 45. Ke3 Qd4+ 46. Ke2 Qb2+ 47. Ke1 Qc1+ 48. Ke2 Qc2+ 49. Ke1 Qc3+ 50. Ke2 Qf3+ 51. Ke1 Qf1+ 52. Kd2 Qxg2+ 0-1

[Event "EIBCC 2019"]
[Site "Tallinn"]
[Date "2019.12.07"]
[Round "8.20"]
[White "Valner, Uku"]
[Black "Pohjala, Henri"]
[Result "1-0"]
[WhiteElo "2274"]
[BlackElo "2447"]
[Annotator "NA"]
[PlyCount "129"]
[EventDate "2019.12.06"]
[EventType "swiss"]
[EventCountry "EST"]
[SourceTitle "playchess.com"]
[Source "ChessBase"]
[SourceQuality "1"]

1. e4 d5 2. exd5 Qxd5 3. Nc3 Qd6 4. d4 Nf6 5. Bd3 Bg4 6. f3 Bh5 7. Nge2 c6 8. Bf4 Qd8 9. Qd2 e6 10. O-O-O Bd6 11. h4 Bg6 12. Bc4 h5 13. Bg5 Nbd7 14. Nf4 Bf5 15. Rde1 Qa5 16. Bd3 Bxd3 17. Qxd3 O-O-O 18. Kb1 Bb4 19. Nfe2 Nc5 20. Qe3 Na4 21. Rd1 Bxc3 22. Nxc3 Nxc3+ 23. Qxc3 Qxc3 24. bxc3 Rd7 25. Rde1 Nd5 26. Kb2 Nb6 27. Kb3 Rd5 28. a4 f6 29. Be3 Re8 30. c4 Rd7 31. a5 Na8 32. g4 hxg4 33. fxg4 Nc7 34. c3 a6 35. g5 e5 36. Rhf1 exd4 37. Bxd4 Rxe1 38. Rxe1 fxg5 39. hxg5 Kd8 40. Kb4 Kc8 41. Rh1 Ne6 42. Rh8+ Rd8 43. Rh7 Nxg5 44. Rxg7 Ne6 45. Rg4 Nxd4 46. cxd4 Kc7 47. Kc5 Kc8 48. Rg7 Kb8 49. Kb6 Rxd4 50. Rxb7+ Kc8 51. Rc7+ Kb8 52. Rxc6 Rh4 53. Kxa6 Rh5 54. Kb6 Rh1 55. Rg6 Rb1+ 56. Kc6 Ka7 57. Rg8 Ra1 58. Rg7+ Ka6 59. c5 Rc1 60. Kd6 Kxa5 61. Rb7 Ka6 62. Rb2 Rd1+ 63. Kc7 Rc1 64. c6 Ka7 65. Ra2# 1-0

[Event "EIBCC 2019"]
[Site "Tallinn"]
[Date "2019.12.07"]
[Round "8.21"]
[White "Zelbel, Patrick"]
[Black "Shvyrjov, Igor"]
[Result "1-0"]
[WhiteElo "2425"]
[BlackElo "2273"]
[Annotator "NA"]
[PlyCount "79"]
[EventDate "2019.12.06"]
[EventType "swiss"]
[EventCountry "EST"]
[SourceTitle "playchess.com"]
[Source "ChessBase"]
[SourceQuality "1"]

1. e4 g6 2. d4 Bg7 3. Nc3 d6 4. Be3 c6 5. f3 Nd7 6. Qd2 b5 7. g4 Ngf6 8. h4 h5 9. g5 Nh7 10. f4 O-O 11. Nf3 Nb6 12. Bd3 Bg4 13. Nh2 Bh3 14. Nf1 Bg4 15. f5 Nc4 16. Bxc4 bxc4 17. Ng3 Rb8 18. Rb1 Re8 19. O-O Nf8 20. Kh2 Nd7 21. Qf2 Qa5 22. a3 Rxb2 23. Rxb2 Qxc3 24. Rb7 Rd8 25. fxg6 fxg6 26. Qf7+ Kh7 27. Qxe7 Qxe3 28. Qxd8 Qd2+ 29. Kh1 Qxd4 30. Rxd7 Bxd7 31. Qxd7 d5 32. Rf7 Qd1+ 33. Nf1 Kh8 34. Qc8+ Kh7 35. Qd7 Kh8 36. Qxa7 dxe4 37. Qe7 e3 38. Qe8+ Kh7 39. Qxe3 Qxc2 40. Qe5 1-0

[Event "EIBCC 2019"]
[Site "Tallinn"]
[Date "2019.12.07"]
[Round "8.22"]
[White "Thorfinnsson, Bragi"]
[Black "Ortega Ruiz, Jose Miguel"]
[Result "0-1"]
[WhiteElo "2422"]
[BlackElo "2272"]
[Annotator "NA"]
[PlyCount "90"]
[EventDate "2019.12.06"]
[EventType "swiss"]
[EventCountry "EST"]
[SourceTitle "playchess.com"]
[Source "ChessBase"]
[SourceQuality "1"]

1. e4 d5 2. exd5 Qxd5 3. Nc3 Qa5 4. Nf3 Nf6 5. Bc4 Bg4 6. h3 Bh5 7. d4 e6 8. g4 Bg6 9. Ne5 Nbd7 10. Qe2 c6 11. Bd2 Bb4 12. a3 Nd5 13. Bxd5 Bxc3 14. Bxc3 Qxd5 15. O-O-O O-O-O 16. Nc4 b5 17. Ne3 Qd6 18. h4 h5 19. g5 Nb6 20. Qf3 Nd5 21. Ba5 Rd7 22. Kb1 Qf4 23. Qe2 Qe4 24. Rhe1 Qxh4 25. a4 a6 26. Ka1 Qe4 27. c4 Nf4 28. Qd2 Nd3 29. Re2 Nf4 30. Ree1 Nd3 31. Rh1 Rxd4 32. Qc3 Kb7 33. Nc2 Rd7 34. cxb5 axb5 35. axb5 Ra8 36. b4 cxb5 37. Na3 Rc8 38. Qb3 Qe5+ 39. Ka2 Qe2+ 40. Ka1 Qe5+ 41. Ka2 Nc1+ 42. Rxc1 Rd2+ 43. Nc2 Bxc2 44. Qf3+ Be4+ 45. Ka3 Qb2# 0-1

[Event "EIBCC 2019"]
[Site "Tallinn"]
[Date "2019.12.07"]
[Round "8.23"]
[White "Shubin, Kirill"]
[Black "Firstov, Juri"]
[Result "0-1"]
[WhiteElo "2401"]
[BlackElo "2228"]
[Annotator "NA"]
[PlyCount "122"]
[EventDate "2019.12.06"]
[EventType "swiss"]
[EventCountry "EST"]
[SourceTitle "playchess.com"]
[Source "ChessBase"]
[SourceQuality "1"]

1. e4 b6 2. Nc3 Bb7 3. d4 e6 4. Nf3 Bb4 5. Bd3 Nf6 6. Qe2 d5 7. e5 Ne4 8. O-O Nxc3 9. bxc3 Bxc3 10. Rb1 Nc6 11. Qe3 Bb4 12. Qf4 Be7 13. Qg4 g6 14. Bh6 Nb4 15. Bb5+ c6 16. Be2 Nxc2 17. Qf4 Bf8 18. Bxf8 Kxf8 19. Qc1 Nxd4 20. Nxd4 c5 21. Qh6+ Kg8 22. Nb5 Ba6 23. Rfe1 Bxb5 24. Bxb5 Qf8 25. Qf4 h6 26. Re3 Qe7 27. h4 h5 28. Bd3 Rh7 29. Rg3 Kh8 30. a4 c4 31. Bc2 Rb8 32. Qd4 Rg7 33. Rf3 Rc8 34. Rf6 Qc5 35. Qf4 Kg8 36. Rb5 Qc7 37. Qd4 Rb8 38. Rb1 a6 39. Re1 b5 40. axb5 axb5 41. Ra1 b4 42. Ra7 Qb6 43. Qxb6 Rxb6 44. Rc7 b3 45. Bb1 d4 46. Rxc4 Rb5 47. f4 Kf8 48. Rxd4 Ke7 49. g4 hxg4 50. Kg2 Rh7 51. Kg3 b2 52. Rd1 Rb3+ 53. Kxg4 Rh8 54. Re1 Rc8 55. h5 Rc1 56. hxg6 Rxe1 57. Rxf7+ Ke8 58. Kg5 Rxb1 59. Kf6 Rg1 60. Ra7 b1=Q 61. g7 Qf5# 0-1

[Event "EIBCC 2019"]
[Site "Tallinn"]
[Date "2019.12.07"]
[Round "8.24"]
[White "Studer, Noel"]
[Black "Poznyak, Nazar"]
[Result "1-0"]
[WhiteElo "2394"]
[BlackElo "2211"]
[Annotator "NA"]
[PlyCount "71"]
[EventDate "2019.12.06"]
[EventType "swiss"]
[EventCountry "EST"]
[SourceTitle "playchess.com"]
[Source "ChessBase"]
[SourceQuality "1"]

1. d4 Nf6 2. c4 e6 3. Nf3 b6 4. g3 Bb7 5. Bg2 Be7 6. O-O O-O 7. Re1 Ne4 8. Qc2 d5 9. cxd5 exd5 10. Bf4 Bd6 11. Bxd6 Qxd6 12. Nc3 Nd7 13. Rac1 c5 14. Red1 Rac8 15. dxc5 Ndxc5 16. Nb5 Qb8 17. Qb1 a6 18. Nbd4 Rfe8 19. e3 h6 20. Bh3 Rc7 21. Nf5 Qd8 22. N3d4 Ne6 23. Rxc7 Qxc7 24. Rc1 Qe5 25. Qd3 N6c5 26. Qe2 Nf6 27. Bg2 Kh7 28. Qc2 g6 29. Nh4 Kg7 30. Bh3 Nfe4 31. Qe2 Ng5 32. Bf1 Nge4 33. Nhf3 Qe7 34. a3 Qd6 35. Nh4 Qe7 36. Nhf5+ 1-0

[Event "EIBCC 2019"]
[Site "Tallinn"]
[Date "2019.12.07"]
[Round "8.25"]
[White "Belenkaya, Dina"]
[Black "Lobanov, Sergei"]
[Result "1-0"]
[WhiteElo "2203"]
[BlackElo "2394"]
[Annotator "ChessBase"]
[PlyCount "119"]
[EventDate "2019.12.06"]
[EventType "swiss"]
[EventCountry "EST"]
[SourceTitle "playchess.com"]
[Source "ChessBase"]
[SourceQuality "1"]

1. e4 c6 2. d3 d5 3. Nd2 g6 4. Ngf3 Bg7 5. g3 e5 6. Bg2 Ne7 7. O-O O-O 8. b3 h6 9. Bb2 Qc7 10. a4 Be6 11. a5 Nd7 12. b4 d4 13. Nb3 Bxb3 14. cxb3 a6 15. Nd2 Nc8 16. f4 exf4 17. gxf4 Nd6 18. Nc4 Nb5 19. Qf3 Kh7 20. e5 Rae8 21. Rae1 Qd8 22. Re4 Qe7 23. Bh3 Rd8 24. f5 Nxe5 25. Nxe5 Bxe5 26. Bc1 Nc3 27. f6 Qxf6 28. Qxf6 Bxf6 29. Rxf6 Nxe4 30. dxe4 Kg7 31. Rf2 Rfe8 32. Bg2 Re5 33. Bd2 Rb5 34. Kf1 c5 35. bxc5 Rxb3 36. e5 d3 37. Be4 Rb1+ 38. Kg2 Rb5 39. Kf3 Rxc5 40. Bxb7 Kg8 41. Bxa6 Rxe5 42. Kg2 Rc5 43. Bb7 Rc2 44. a6 Ra2 45. Kf3 Re8 46. Kg3 Re5 47. Kg2 f5 48. h4 Kf7 49. Bc8 Re2 50. Rxe2 dxe2 51. Be1 g5 52. hxg5 hxg5 53. Kf2 Kf6 54. Bc3+ Kg6 55. Bd4 g4 56. a7 g3+ 57. Ke1 g2 58. Bb7 Ra1+ 59. Kxe2 Ra2+ 60. Kf3 1-0

[Event "EIBCC 2019"]
[Site "Tallinn"]
[Date "2019.12.07"]
[Round "8.26"]
[White "Kozak, Adam"]
[Black "Ladopoulos, Dimitrios"]
[Result "1-0"]
[WhiteElo "2385"]
[BlackElo "2151"]
[Annotator "NA"]
[PlyCount "71"]
[EventDate "2019.12.06"]
[EventType "swiss"]
[EventCountry "EST"]
[SourceTitle "playchess.com"]
[Source "ChessBase"]
[SourceQuality "1"]

1. Nf3 b6 2. g3 Bb7 3. d4 Nf6 4. Bg2 e6 5. O-O Be7 6. c4 O-O 7. Nc3 Ne4 8. Bd2 Nxc3 9. Bxc3 f5 10. d5 Bf6 11. Nd4 c5 12. Nb5 Bxc3 13. Nxc3 e5 14. f4 e4 15. g4 g6 16. Qe1 d6 17. Kh1 Nd7 18. Bh3 Qf6 19. e3 Kh8 20. Rg1 Rg8 21. Rg3 Rae8 22. Qg1 fxg4 23. Bxg4 Qf7 24. Qg2 Nf6 25. Be6 Rxe6 26. dxe6 Qxe6 27. b3 a6 28. Qb2 Kg7 29. Rd1 Kf7 30. Qd2 Rd8 31. Rg5 Bc6 32. Rdg1 b5 33. f5 gxf5 34. Rf1 bxc4 35. Rgxf5 Rf8 36. Rxf6+ 1-0

[Event "EIBCC 2019"]
[Site "Tallinn"]
[Date "2019.12.07"]
[Round "8.27"]
[White "Loginov, Valery A"]
[Black "Vasiliev, Georgiy"]
[Result "1/2-1/2"]
[WhiteElo "2376"]
[BlackElo "2126"]
[Annotator "NA"]
[PlyCount "75"]
[EventDate "2019.12.06"]
[EventType "swiss"]
[EventCountry "EST"]
[SourceTitle "playchess.com"]
[Source "ChessBase"]
[SourceQuality "1"]

1. Nf3 d5 2. g3 Nf6 3. Bg2 Bg4 4. c4 c6 5. O-O e6 6. d3 Nbd7 7. Be3 Be7 8. Qb3 Qc7 9. Nc3 O-O 10. cxd5 exd5 11. Rac1 Nb6 12. h3 Bh5 13. Na4 Nxa4 14. Qxa4 a6 15. Qb3 Rfe8 16. Rfe1 Bd6 17. Bd4 Nd7 18. e4 dxe4 19. dxe4 c5 20. Qd5 Bxf3 21. Bxf3 Qb6 22. Bc3 Ne5 23. Bg2 Rad8 24. Rcd1 Bc7 25. Qb3 c4 26. Qxb6 Bxb6 27. Rxd8 Bxd8 28. Rd1 Nd3 29. Bf1 Rxe4 30. Bxd3 cxd3 31. Rxd3 Bf6 32. Bxf6 gxf6 33. Rd7 Rb4 34. b3 a5 35. Rd6 Kg7 36. Kf1 a4 37. bxa4 Rxa4 38. Rb6 1/2-1/2

[Event "EIBCC 2019"]
[Site "Tallinn"]
[Date "2019.12.07"]
[Round "8.28"]
[White "D`Costa, Lorin"]
[Black "Stabulnieks, Klavs"]
[Result "0-1"]
[WhiteElo "2361"]
[BlackElo "2069"]
[Annotator "NA"]
[PlyCount "72"]
[EventDate "2019.12.06"]
[EventType "swiss"]
[EventCountry "EST"]
[SourceTitle "playchess.com"]
[Source "ChessBase"]
[SourceQuality "1"]

1. d4 Nf6 2. Bf4 g6 3. e3 Bg7 4. Nf3 O-O 5. h3 d6 6. Be2 Nfd7 7. Bh2 e5 8. c4 Nc6 9. Nc3 f5 10. O-O e4 11. Nd2 Nf6 12. Rb1 g5 13. b4 Ne7 14. b5 Ng6 15. Qb3 Kh8 16. c5 dxc5 17. dxc5 Qe7 18. Rbc1 f4 19. exf4 gxf4 20. Rfe1 e3 21. Nf3 exf2+ 22. Kxf2 Qxc5+ 23. Kf1 Qh5 24. Kg1 Bd7 25. Na4 Rae8 26. Rc5 Qh6 27. Rxc7 Bf5 28. Rxb7 Ne4 29. Rxa7 Ng3 30. Bd3 Rxe1+ 31. Nxe1 Ne5 32. Bxf5 Nxf5 33. Nf3 Ne3 34. Re7 Nxf3+ 35. gxf3 Qg5+ 36. Kf2 Qxe7 0-1

[Event "EIBCC 2019"]
[Site "Tallinn"]
[Date "2019.12.07"]
[Round "8.29"]
[White "Bogaudinov, Rushan"]
[Black "Mustaps, Matiss"]
[Result "0-1"]
[WhiteElo "2059"]
[BlackElo "2361"]
[Annotator "NA"]
[PlyCount "106"]
[EventDate "2019.12.06"]
[EventType "swiss"]
[EventCountry "EST"]
[SourceTitle "playchess.com"]
[Source "ChessBase"]
[SourceQuality "1"]

1. b3 e5 2. Bb2 d6 3. g3 g6 4. Bg2 Bg7 5. d3 Ne7 6. e4 O-O 7. Nd2 f5 8. exf5 Nxf5 9. Ngf3 Nc6 10. O-O h6 11. Nc4 Be6 12. Rb1 Qd7 13. Re1 Rae8 14. a4 Qf7 15. Qd2 g5 16. Ne3 Nfd4 17. Nxd4 exd4 18. Nd1 Ne5 19. f4 gxf4 20. Qxf4 Qxf4 21. gxf4 Rxf4 22. Nf2 b6 23. Re4 Rxe4 24. Nxe4 Ng4 25. Re1 Ne3 26. Re2 Bg4 27. Rf2 d5 28. Ng3 c6 29. h3 Bd1 30. Nh5 Bxc2 31. Nxg7 Kxg7 32. Bxd4+ Kg6 33. Bxe3 Bxb3 34. Bd4 c5 35. Rf6+ Kg5 36. h4+ Kxh4 37. Rxh6+ Kg5 38. Rh7 cxd4 39. Rxa7 Re3 40. Rb7 Bxa4 41. Rxb6 Rxd3 42. Bxd5 Rd2 43. Rb4 Bd7 44. Kf1 Kf4 45. Rb3 Bg4 46. Ke1 Rd1+ 47. Kf2 Rd2+ 48. Ke1 Re2+ 49. Kf1 Re5 50. Bc6 Rc5 51. Bb7 Rc3 52. Rxc3 dxc3 53. Ke1 Ke3 0-1

[Event "EIBCC 2019"]
[Site "Tallinn"]
[Date "2019.12.07"]
[Round "8.30"]
[White "Pershin, Denis"]
[Black "Bazyrtsyrenov, Kirill"]
[Result "1-0"]
[WhiteElo "2359"]
[BlackElo "2043"]
[Annotator "NA"]
[PlyCount "83"]
[EventDate "2019.12.06"]
[EventType "swiss"]
[EventCountry "EST"]
[SourceTitle "playchess.com"]
[Source "ChessBase"]
[SourceQuality "1"]

1. d4 Nf6 2. c4 c5 3. d5 e6 4. Nc3 exd5 5. cxd5 d6 6. e4 g6 7. h3 Bg7 8. Nf3 O-O 9. Bd3 b5 10. Nxb5 Nxe4 11. O-O Nf6 12. Bf4 Ne8 13. Qd2 Ba6 14. Rfe1 Bxb5 15. Bxb5 Nd7 16. Bh6 Rb8 17. Bxg7 Kxg7 18. Bc4 Qf6 19. b3 Nb6 20. Rac1 Nxc4 21. Rxc4 Nc7 22. Rf4 Qd8 23. Ng5 h6 24. Ne4 Rb4 25. Qc3+ Rd4 26. Nf6 Qxf6 27. Rxf6 Nxd5 28. Rxg6+ fxg6 29. Qg3 Rdf4 30. Re6 g5 31. Qd3 Nf6 32. Re7+ Rf7 33. Rxf7+ Kxf7 34. Qxd6 Rd4 35. Qxc5 Rd1+ 36. Kh2 h5 37. Qxa7+ Kg6 38. Qe3 h4 39. Qe2 Ra1 40. a4 g4 41. hxg4 Kg5 42. Qe5+ 1-0

[Event "EIBCC 2019"]
[Site "Tallinn"]
[Date "2019.12.07"]
[Round "8.31"]
[White "Saveliev, Alexei"]
[Black "Ziska, Helgi Dam"]
[Result "1-0"]
[WhiteElo "2279"]
[BlackElo "2614"]
[Annotator "ChessBase"]
[PlyCount "49"]
[EventDate "2019.12.06"]
[EventType "swiss"]
[EventCountry "EST"]
[SourceTitle "playchess.com"]
[Source "ChessBase"]
[SourceQuality "1"]

1. e4 c5 2. Nf3 d6 3. d4 cxd4 4. Nxd4 Nf6 5. Nc3 a6 6. Be2 e5 7. Nb3 Be7 8. Be3 Be6 9. Nd5 Nbd7 10. Qd3 Rc8 11. O-O Bxd5 12. exd5 O-O 13. c4 a5 14. Nd2 Nc5 15. Bxc5 Rxc5 16. b3 Nd7 17. a3 f5 18. b4 Rc8 19. Nb3 e4 20. Qd2 Bg5 21. Qa2 b6 22. Nd4 Qf6 23. Ne6 Rfe8 24. Rab1 Bd2 25. Qxd2 1-0

[Event "EIBCC 2019"]
[Site "Tallinn"]
[Date "2019.12.07"]
[Round "8.32"]
[White "Picard, Romain"]
[Black "Kulaots, Kaido"]
[Result "0-1"]
[WhiteElo "2279"]
[BlackElo "2562"]
[Annotator "ChessBase"]
[PlyCount "83"]
[EventDate "2019.12.06"]
[EventType "swiss"]
[EventCountry "EST"]
[SourceTitle "playchess.com"]
[Source "ChessBase"]
[SourceQuality "1"]

1. e4 c5 2. Nf3 d6 3. d4 cxd4 4. Nxd4 Nf6 5. Nc3 Nc6 6. Be2 e5 7. Nf3 Be7 8. O-O h6 9. Re1 O-O 10. h3 Be6 11. Bf1 Qa5 12. Nd2 Rac8 13. Nc4 Qc5 14. Ne3 Nd4 15. a4 Rfd8 16. a5 Qc7 17. Ra4 Qc6 18. Bd3 Bf8 19. Bd2 d5 20. exd5 Nxd5 21. Rc4 Nxc3 22. Rxc6 Nxd1 23. Rxc8 Rxc8 24. Rxd1 a6 25. b3 h5 26. Nc4 f6 27. Nb6 Rc7 28. Nc4 Bd5 29. Kf1 e4 30. Be2 Nxe2 31. Kxe2 Bxc4+ 32. bxc4 Rxc4 33. Rb1 Rc7 34. Kd1 Bc5 35. Be1 Kf7 36. Rb3 Ke6 37. Ke2 f5 38. Bd2 Bd4 39. c3 Bc5 40. f3 exf3+ 41. Kxf3 Kd5 42. Kf4 0-1

[Event "EIBCC 2019"]
[Site "Tallinn"]
[Date "2019.12.07"]
[Round "8.33"]
[White "Lintchevski, Daniil"]
[Black "Reizniece-Ozola, Dana"]
[Result "1-0"]
[WhiteElo "2553"]
[BlackElo "2275"]
[Annotator "ChessBase"]
[PlyCount "105"]
[EventDate "2019.12.06"]
[EventType "swiss"]
[EventCountry "EST"]
[SourceTitle "playchess.com"]
[Source "ChessBase"]
[SourceQuality "1"]

1. e4 c5 2. Nf3 d6 3. d4 cxd4 4. Nxd4 Nf6 5. Nc3 a6 6. h3 e5 7. Nf3 Be7 8. Bc4 O-O 9. O-O Be6 10. Bb3 h6 11. Qe2 Nc6 12. Rd1 Qc8 13. Be3 Na5 14. Nd5 Nxd5 15. Bxd5 Bxd5 16. Rxd5 Nc4 17. c3 Nxe3 18. Qxe3 f5 19. Rd2 Qe6 20. exf5 Qxf5 21. Re1 Rae8 22. Qe4 b5 23. Qxf5 Rxf5 24. Rd5 Bf8 25. Nd2 Kf7 26. Ne4 Ke6 27. Red1 Rf4 28. f3 Rc8 29. a3 Rc6 30. Kf2 Rf7 31. Ke2 Rb7 32. g3 Be7 33. f4 a5 34. Kf3 b4 35. Rxa5 bxc3 36. bxc3 Rb3 37. a4 exf4 38. gxf4 Bf6 39. Rad5 Be7 40. f5+ Kf7 41. Ra1 Ra6 42. a5 Rb2 43. Ra4 Rh2 44. Kg3 Re2 45. Rc4 Re3+ 46. Kg2 Re2+ 47. Kf3 Rh2 48. Kg3 Re2 49. Kf3 Rh2 50. Nf2 Bf6 51. Kg3 Be5+ 52. Rxe5 dxe5 53. Kxh2 1-0